El Model de gestió corporativa de la Diputació de Barcelona : trobada de l'alta direcció de 8 d'octubre de 2008 / [coordinació: Àrea de Presidència. Gerència] trobada de l'alta direcció de 8 d'octubre de 2008 / [coordinació:
Descripción Física:
84 p. : fot. col. ; 29 cm
Colección:
Eines de gestió corporativa
MARC
| LEADER | 00000nam a2200000Ia 4500 | ||
|---|---|---|---|
| 001 | 22922 | ||
| 008 | 160829s2009 xx 000 0 cat d | ||
| 080 | |a M-6-372 | ||
| 245 | |a El Model de gestió corporativa de la Diputació de Barcelona : |b trobada de l'alta direcció de 8 d'octubre de 2008 / [coordinació: |b Àrea de Presidència. Gerència] | ||
| 260 | |a Barcelona : |b Diputació de Barcelona. Àrea de Presidència. Gerència, |c 2009 | ||
| 300 | |a 84 p. : |b fot. col. ; |c 29 cm | ||
| 490 | |a Eines de gestió corporativa | ||
| 610 | 1 | 0 | |a Barcelona (Catalunya : Província). |b Diputació |9 52408 |
| 650 | |a Directius |9 40537 | ||
| 710 | |a Barcelona (Catalunya : Província). |b Àrea de Presidència |9 52558 | ||
| 901 | |a Arxiu | ||
| 942 | |n 1 | ||
| 952 | |0 0 |1 0 |4 0 |6 M6372 |7 1 |9 44886 |a Arxiu |b Arxiu |d 2016-12-01 |l 0 |o M-6-372 |p 22922 |r 2016-12-01 00:00:00 |w 2016-12-01 |y ARXIU | ||
| 999 | |c 47484 |d 47484 | ||